[Event "Ruhrgebiet Verbandsliga Gruppe 2 1617"]
[Site "Germany"]
[Date "2017.04.30"]
[Round "9.2"]
[White "Prueske, Wolfgang"]
[Black "Fink, Norbert"]
[Result "1-0"]
[WhiteElo "2053"]
[BlackElo "2026"]
[PlyCount "81"]
[EventDate "2016.09.04"]
[EventType "team-tourn"]
[EventRounds "9"]
[EventCountry "GER"]
[SourceTitle "EXT 2022"]
[Source "ChessBase"]
[SourceDate "2021.10.06"]
[SourceVersion "1"]
[SourceVersionDate "2021.10.06"]
[SourceQuality "1"]
[WhiteTeam "Dortmund Hansa II"]
[BlackTeam "Essen Listiger Bauer"]
[WhiteTeamCountry "GER"]
[BlackTeamCountry "GER"]

1. e4 c6 2. d4 d5 3. Nc3 dxe4 4. Nxe4 Nd7 5. Bc4 e6 6. Nf3 Ngf6 7. Neg5 h6 8. Nh3 g5 9. Nhxg5 hxg5 10. Nxg5 Bh6 11. f4 Nb6 12. Bb3 Qd6 13. Qf3 Bd7 14. Bd2 Qe7 15. 0-0-0 0-0-0 16. a3 Be8 17. Bb4 Qc7 18. c4 Nbd7 19. Bc3 Rg8 20. h4 Nf8 21. Bc2 N6d7 22. g4 Ng6 23. Bxg6 Rxg6 24. Nh3 Rg8 25. g5 Bg7 26. h5 Nb6 27. b3 Rh8 28. Nf2 f6 29. g6 Bh6 30. Nd3 e5 31. dxe5 Rxd3 32. Qxd3 Bxf4+ 33. Kb1 fxe5 34. Qf5+ Bd7 35. Qf6 Qd8 36. Bxe5 Bxe5 37. Qxe5 Re8 38. Qd4 Qg5 39. g7 Rd8 40. Ka1 Qh6 41. a4 1-0

[Event "Ruhrgebiet VK1 1112"]
[Site "Nordrheinwestfalen"]
[Date "2012.01.08"]
[Round "5"]
[White "Fink, Norbert"]
[Black "Pahne, Dirk"]
[Result "1-0"]
[WhiteElo "2025"]
[BlackElo "1966"]
[PlyCount "67"]
[EventDate "2012.09.18"]
[EventType "team-tourn"]
[EventRounds "9"]
[EventCountry "GER"]
[SourceTitle "EXT 2020"]
[Source "ChessBase"]
[SourceDate "2019.10.17"]
[SourceVersion "1"]
[SourceVersionDate "2019.10.17"]
[SourceQuality "1"]
[WhiteTeam "Listiger Bauer Essen"]
[BlackTeam "Rochade Eving"]
[WhiteTeamCountry "GER"]
[BlackTeamCountry "GER"]

1. b4 c6 2. Bb2 Qb6 3. a3 a5 4. c4 axb4 5. c5 Qc7 6. axb4 Rxa1 7. Bxa1 Nf6 8. Nf3 Na6 9. Qb3 d6 10. d4 Nd5 11. e4 Ndxb4 12. Bc3 dxc5 13. dxc5 Be6 14. Qa4 b5 15. cxb6 Qxb6 16. Be2 Bb3 17. Bd4 Nc2+ 18. Kd2 Nxd4 19. Qxd4 c5 20. Qa1 Qh6+ 21. Kc3 c4 22. Bxc4 Bxc4 23. Qa4+ Kd8 24. Rd1+ Kc7 25. Qxc4+ Qc6 26. Rd7+ Kb6 27. Qxc6+ Kxc6 28. Ne5+ Kb6 29. Rd8 Kc7 30. Nxf7 g6 31. Kc4 Rg8 32. Nc3 Nb8 33. Nd5+ Kb7 34. Nxe7 1-0

[Event "Ruhrgebiet Regionalliga 1011"]
[Site "Nordrheinwestfalen"]
[Date "2011.04.03"]
[Round "8.5"]
[White "Fink, Norbert"]
[Black "Shlyakman, Borys"]
[Result "0-1"]
[WhiteElo "2044"]
[BlackElo "2087"]
[PlyCount "42"]
[EventDate "2010.09.19"]
[EventType "team-tourn"]
[EventRounds "9"]
[EventCountry "GER"]
[SourceTitle "EXT 2020"]
[Source "ChessBase"]
[SourceDate "2019.10.17"]
[SourceVersion "1"]
[SourceVersionDate "2019.10.17"]
[SourceQuality "1"]
[WhiteTeam "Essen Ueberruhr"]
[BlackTeam "Oberhausen SV II"]
[WhiteTeamCountry "GER"]
[BlackTeamCountry "GER"]

1. b4 e5 2. Bb2 f6 3. e4 Bxb4 4. Bc4 Ne7 5. Qh5+ Ng6 6. Nf3 Nc6 7. Nh4 Nce7 8. f4 d5 9. fxe5 dxc4 10. exf6 0-0 11. fxe7 Qxe7 12. Qd5+ Be6 13. Nxg6 hxg6 14. Qe5 Bd6 15. Qc3 b5 16. Qe3 Qh4+ 17. Kd1 Bg4+ 18. Kc1 Qxh2 19. Re1 Bg3 20. Qd4 Rf7 21. Qd5 Re8 0-1

[Event "Ruhrgebiet Regionalliga 1011"]
[Site "Nordrheinwestfalen"]
[Date "2011.01.23"]
[Round "5.6"]
[White "Fink, Norbert"]
[Black "Georg, Heinz"]
[Result "0-1"]
[WhiteElo "2044"]
[BlackElo "2143"]
[PlyCount "78"]
[EventDate "2010.09.19"]
[EventType "team-tourn"]
[EventRounds "9"]
[EventCountry "GER"]
[SourceTitle "EXT 2020"]
[Source "ChessBase"]
[SourceDate "2019.10.17"]
[SourceVersion "1"]
[SourceVersionDate "2019.10.17"]
[SourceQuality "1"]
[WhiteTeam "Essen Ueberruhr"]
[BlackTeam "Kamen SV"]
[WhiteTeamCountry "GER"]
[BlackTeamCountry "GER"]

1. b4 e5 2. Bb2 f6 3. e4 Bxb4 4. Bc4 Qe7 5. Ne2 c6 6. 0-0 d6 7. Ng3 Nh6 8. c3 Ba5 9. d4 b5 10. Be2 Bb6 11. Nd2 Be6 12. Kh1 0-0 13. f4 exf4 14. Rxf4 d5 15. Bd3 Bc7 16. Rh4 f5 17. Rxh6 gxh6 18. e5 Nd7 19. a4 bxa4 20. Ba3 c5 21. Nf3 Rf7 22. Qd2 f4 23. Ne2 Qf8 24. Bc1 cxd4 25. cxd4 Nb6 26. Nxf4 Bf5 27. Ba3 Qc8 28. Nh5 Bxd3 29. Nf6+ Rxf6 30. exf6 Qf5 31. Qxh6 Qg6 32. Qh4 Nc4 33. Be7 h6 34. Qf2 Qf5 35. Qh4 Bf4 36. Ne5 Nxe5 37. dxe5 Bxe5 38. Qxh6 Qg6 39. Qh3 Bxa1 0-1

[Event "Ruhrgebiet Regionalliga 1011"]
[Site "Nordrheinwestfalen"]
[Date "2010.11.21"]
[Round "3.8"]
[White "Fink, Norbert"]
[Black "Richters, Marc"]
[Result "1-0"]
[WhiteElo "2044"]
[BlackElo "1913"]
[PlyCount "85"]
[EventDate "2010.09.19"]
[EventType "team-tourn"]
[EventRounds "9"]
[EventCountry "GER"]
[SourceTitle "EXT 2020"]
[Source "ChessBase"]
[SourceDate "2019.10.17"]
[SourceVersion "1"]
[SourceVersionDate "2019.10.17"]
[SourceQuality "1"]
[WhiteTeam "Essen Ueberruhr"]
[BlackTeam "Weisse Dame Borbeck"]
[WhiteTeamCountry "GER"]
[BlackTeamCountry "GER"]

1. e4 d6 2. d4 g6 3. f4 Bg7 4. Nf3 Nf6 5. Bd3 c5 6. c3 0-0 7. 0-0 cxd4 8. cxd4 Nc6 9. Na3 Bg4 10. Be3 e5 11. fxe5 dxe5 12. d5 Nd4 13. Bxd4 exd4 14. Qd2 Bxf3 15. Rxf3 Re8 16. Qf4 Qe7 17. Raf1 Nxe4 18. Qxf7+ Qxf7 19. Rxf7 Nd2 20. R1f4 Re1+ 21. Kf2 Re3 22. Bc4 Be5 23. d6 Nxc4 24. Nxc4 Bxf4 25. Rxf4 Re6 26. Rxd4 Rd8 27. Rd5 a6 28. a4 Kf8 29. a5 Ke8 30. Rc5 Rd7 31. Rc8+ Kf7 32. Rc7 Ke8 33. Rc8+ Rd8 34. Rc7 Rf6+ 35. Ke3 Rf7 36. Ke4 Rf2 37. Rxb7 Rxg2 38. Rxh7 Rg5 39. Rh8+ Kd7 40. Nb6+ Kxd6 41. Rxd8+ Ke6 42. Nc4 Ke7 43. Ra8 1-0

[Event "Ruhrgebiet Regionalliga 0405"]
[Site "Ruhrgebiet"]
[Date "2004.12.05"]
[Round "4.7"]
[White "Traunecker, Thomas"]
[Black "Fink, Norbert"]
[Result "1/2-1/2"]
[WhiteElo "1958"]
[BlackElo "2055"]
[PlyCount "44"]
[EventDate "2004.09.19"]
[EventType "team"]
[EventRounds "9"]
[EventCountry "GER"]
[SourceTitle "EXT 2006"]
[Source "ChessBase"]
[SourceDate "2005.11.24"]
[SourceVersion "1"]
[SourceVersionDate "2005.11.24"]
[SourceQuality "1"]
[WhiteTeam "Kamen"]
[BlackTeam "Essen Ueberruhr"]
[WhiteTeamCountry "GER"]
[BlackTeamCountry "GER"]

1. Nf3 d5 2. d4 c5 3. e3 e6 4. Bd3 Nc6 5. 0-0 Nf6 6. c3 Qc7 7. Nbd2 Be7 8. Re1 0-0 9. e4 dxe4 10. Nxe4 cxd4 11. cxd4 Nb4 12. Nxf6+ Bxf6 13. Bg5 Nxd3 14. Qxd3 Qe7 15. Bxf6 Qxf6 16. Ne5 Qd8 17. Re3 f6 18. Rh3 f5 19. Rc1 Bd7 20. d5 Rc8 21. Rxc8 Qxc8 22. Nxd7 Qxd7 1/2-1/2

[Event "Ruhrgebiet Regionalliga 0405"]
[Site "Ruhrgebiet"]
[Date "2004.10.10"]
[Round "2.8"]
[White "Fink, Norbert"]
[Black "Mass, Elvira"]
[Result "1-0"]
[WhiteElo "2055"]
[BlackElo "1856"]
[PlyCount "55"]
[EventDate "2004.09.19"]
[EventType "team"]
[EventRounds "9"]
[EventCountry "GER"]
[SourceTitle "EXT 2006"]
[Source "ChessBase"]
[SourceDate "2005.11.24"]
[SourceVersion "1"]
[SourceVersionDate "2005.11.24"]
[SourceQuality "1"]
[WhiteTeam "Essen Ueberruhr"]
[BlackTeam "Berghofen Wambel"]
[WhiteTeamCountry "GER"]
[BlackTeamCountry "GER"]

1. e4 e6 2. d4 d5 3. exd5 exd5 4. Bd3 Bd6 5. Ne2 Ne7 6. 0-0 0-0 7. Ng3 c6 8. Nd2 Qc7 9. Nf3 Bg4 10. Bxh7+ Kh8 11. Bd3 Nd7 12. h3 Bxg3 13. fxg3 Bh5 14. Qe1 Rae8 15. g4 Nf5 16. Qf2 Ng3 17. gxh5 Nxf1 18. Qxf1 Qg3 19. Qf2 Qxf2+ 20. Kxf2 Nf6 21. g4 Ne4+ 22. Kg2 f5 23. Nh4 Rf6 24. Nxf5 b6 25. Bf4 Rfe6 26. Be5 Nf6 27. h6 gxh6 28. Nxh6 1-0

[Event "Ruhrgebiet Regionalliga 0304"]
[Site "Ruhrgebiet"]
[Date "2004.03.07"]
[Round "7.7"]
[White "Fink, Norbert"]
[Black "Wernitz, Albert Peter"]
[Result "1/2-1/2"]
[WhiteElo "2101"]
[BlackElo "1965"]
[PlyCount "21"]
[EventDate "2003.10.05"]
[EventType "team"]
[EventRounds "9"]
[EventCountry "GER"]
[SourceTitle "EXT 2007"]
[Source "ChessBase"]
[SourceDate "2006.11.23"]
[SourceVersion "1"]
[SourceVersionDate "2006.11.23"]
[SourceQuality "1"]
[WhiteTeam "Essen Ueberruhr"]
[BlackTeam "Erkenschwick"]
[WhiteTeamCountry "GER"]
[BlackTeamCountry "GER"]

1. Nf3 c5 2. g3 Nc6 3. Bg2 g6 4. 0-0 Bg7 5. d3 Nf6 6. c4 0-0 7. Nc3 d6 8. Rb1 Rb8 9. a3 a5 10. Bd2 Bd7 11. Nb5 1/2-1/2

[Event "Ruhrgebiet Regionalliga 0304"]
[Site "Ruhrgebiet"]
[Date "2003.11.16"]
[Round "3.6"]
[White "Limbourg, Philipp"]
[Black "Fink, Norbert"]
[Result "1-0"]
[WhiteElo "2104"]
[BlackElo "2101"]
[PlyCount "49"]
[EventDate "2003.10.05"]
[EventType "team"]
[EventRounds "9"]
[EventCountry "GER"]
[SourceTitle "EXT 2007"]
[Source "ChessBase"]
[SourceDate "2006.11.23"]
[SourceVersion "1"]
[SourceVersionDate "2006.11.23"]
[SourceQuality "1"]
[WhiteTeam "Muelheim Nord II"]
[BlackTeam "Essen Ueberruhr"]
[WhiteTeamCountry "GER"]
[BlackTeamCountry "GER"]

1. e4 d6 2. f4 g6 3. Nf3 Bg7 4. Nc3 c6 5. Be2 Nf6 6. d4 0-0 7. 0-0 b6 8. Qe1 Bg4 9. Qh4 Bxf3 10. Rxf3 e5 11. fxe5 dxe5 12. Bg5 Qxd4+ 13. Kh1 Nh5 14. Rd1 f6 15. Rxd4 exd4 16. Bd2 dxc3 17. Bxc3 Re8 18. Bc4+ Kh8 19. g4 Rxe4 20. Bd3 Rf4 21. Bxg6 Rxf3 22. Qxh5 Kg8 23. Bxh7+ Kf8 24. Bb4+ c5 25. Qd5 1-0

[Event "Ruhrgebiet VL1 0001"]
[Site "Ruhrgebiet"]
[Date "2001.04.08"]
[Round "8"]
[White "Belic, Zivko"]
[Black "Fink, Norbert"]
[Result "0-1"]
[WhiteElo "1906"]
[BlackElo "2078"]
[PlyCount "68"]
[EventDate "2000.09.17"]
[EventType "team-tourn"]
[EventRounds "9"]
[EventCountry "GER"]
[SourceTitle "EXT 2023"]
[Source "ChessBase"]
[SourceDate "2022.10.05"]
[SourceVersion "1"]
[SourceVersionDate "2022.10.05"]
[SourceQuality "1"]
[WhiteTeam "Dortmund Kleiner Koenig"]
[BlackTeam "Essen Ueberruhr"]
[WhiteTeamCountry "GER"]
[BlackTeamCountry "GER"]

1. e4 c5 2. Nf3 Nc6 3. g3 g6 4. Bg2 Bg7 5. 0-0 d6 6. a4 Bd7 7. c3 Qb6 8. Na3 Be6 9. Qe2 Nf6 10. d4 cxd4 11. Nxd4 Nxd4 12. cxd4 0-0 13. e5 dxe5 14. dxe5 Nd7 15. Bf4 a6 16. Rfe1 Rac8 17. Rac1 Qb3 18. a5 Rc5 19. Rxc5 Nxc5 20. Qe3 Nd3 21. Rb1 Rd8 22. Be4 Rd7 23. Kg2 Nxe5 24. Qxb3 Bxb3 25. Rc1 f5 26. Rc3 Be6 27. Bc2 Nc6 28. Rd3 Rxd3 29. Bxd3 Bxb2 30. Nc4 Bc3 31. Bc7 Kg7 32. h4 Bxc4 33. Bxc4 Bxa5 34. Bf4 Bc3 0-1